000 00759nam a22001937a 4500
999 _c15738
_d15738
003 OSt
005 20201116094542.0
008 181213b ||||| |||| 00| 0 eng d
022 _a0730-3084
040 _c0
082 _aDPer 613.705 J863 Sept 2015-Apr 2016 v. 86-87
100 _aMacDonald Couturier, Lynn.
_933108
245 _aImplementing the new national standards and grade-level outcomes:
_bmoving high school students toward physical literacy/
_cLynn Couturier MacDonald.
260 _aPhiladelphia:
_bShape America-Society of Health and Physical Educators,
_c©Sept 2015-Apr 2016.
300 _av86, n7, pages 23-27:
_billustrations;
_c28 cm.
500 _aJOPERD
650 _aPhysical education
_v
_933110
_xPhysical literacy.
942 _2ddc
_cPER